000 00398nmm a2200145Ia 4500
008 251105s9999||||xx |||||||||||||||||und||
041 _aspa
100 _aCorrales, Antonia J.
245 0 _aEn un rincón del alma
264 _a[Madrid, España] :
_bEdiciones B,
_c2015
300 _a208 páginas
650 _aRomance
856 _uhttps://public.digitaliapublishing.com/a/53357
942 _cCF
999 _c105649
_d105649